000 00835nam a2200253Ia 4500
005 20251020182533.0
008 200515s9999 xx 000 0 und d
020 _a978-84-9801-510-2
082 _a712.361/R92
100 _aRudge, Geraldine
100 _aRudge, Ian
245 0 _a1000 diseños para el jardín y dónde encontrarlos
250 _a1a ed.
260 _aBarcelona
260 _bBlume
260 _c2011
300 _bil.
500 _a1 ejemplar
520 _a1 ejemplar. Consta de diez capítulos encabezados por una entrevista con un destacado experto en diseño de jardines, arquitectura, diseño de productos y artes plásticas, es una obra de referencia profusamente ilustrada, que recoge lo mejor del diseño conte
650 _aJARDINES
650 _aPAISAJISMO
942 _cLIB
999 _c2130
_d2130